Finnish food words - Statistics

General Stats
  • This quiz has been taken 63 times
  • The average score is 14 of 17
Answer Stats
Hint Answer % Correct
riisi rice
98%
omena apple
96%
maito milk
94%
sokeri sugar
93%
leipä bread
91%
kahvi coffee
91%
kala fish
91%
kakku cake
89%
juusto cheese
89%
kana chicken
85%
mehu juice
85%
suola salt
81%
kananmuna egg
72%
mustikka blueberry
63%
hedelmä fruit
61%
struuna lemon
61%
pähkinä nut
50%
No matching quizzes found
Score Distribution
Percent of People with Each Score
Percentile by Number Answered
Your Score History
You have not taken this quiz